| 000 | 00672cam a2200217 a 4500 | ||
|---|---|---|---|
| 001 | 000010104 | ||
| 005 | 20200929161839.0 | ||
| 008 | 820622s1981 ve 000 0 spa | ||
| 040 |
_aDO-SdBNP _cDLC _dDLC |
||
| 082 |
_aV862.44 _bC112u |
||
| 100 | 1 |
_aCaballero, Néstor, _d1953- _925095 |
|
| 245 | 1 | 3 |
_aLa última actuación de Sarah Bernhardt / _cNéstor Caballero. |
| 260 |
_aCaracas : _bFundarte, _c1981. |
||
| 300 |
_a61 p. ; _c21 cm. |
||
| 490 | 1 |
_aCuadernos de difusion _v53 |
|
| 650 | 4 |
_aTeatro venezolano _923074 |
|
| 650 | 4 |
_aLiteratura venezolana _93816 |
|
| 830 | 0 |
_aCuadernos de difusión ; _v53 _96694 |
|
| 910 | _aCatalogación por copia / LC | ||
| 049 | _aBNGR | ||
| 999 |
_c9863 _d9863 |
||